000 01380nam a2200205Ia 4500
999 _c39539
_d39539
003 OSt
005 20220409130751.0
008 160316s2015 xxu||||| |||| 00| 0 eng d
040 _cn
082 _a347.090000
_bSHR-2
100 _aShroff Cryril
245 _aThe impact of Magna Carta in India and the new trends of dispute resolution
260 _aNew Delhi
_bAmarchand Mangaldas
_c2015
300 _a99p
365 _b Gratis
505 _aContent: 1. Celebrating the Magna Carta; 2. A Personal Perspective about the Enduing Impact of the Magna Carta; 3. Delay in Justice Undermines the Rule of Law : India Seeks to Remedy the Situation; 4. Reforms in the Administration of Justice: Beating the Backlog; 5. Power of Contempt by the Supreme Court and Some Landmark Judgements; 6. Judicial Review and Exercise of Power by The Higher Judiciary; 7. The Future of Commercial Disputes Lies with Commercial Courts; 8. Recent Trends in the Indian Administration Law; 9. Analysis of the New Arbitration Law; 10. Public Interest in Indian Courts : The Case of Environment; 11. Judicial Appointments : Collegium System and the NJAC; 12. Moving from Discretionary Regulations to Regulatory Authorities; 13. Resolution of Tax Disputes : The Current Trend and the Way forword
650 _a1. Dispute Resolution - Magna Carta
700 _a
_a
942 _2ddc
_cBK